Borromini / (Record no. 352870)

000 -LEADER
fixed length control field 00788 a2200241 4500
003 - CONTROL NUMBER IDENTIFIER
control field OSt
005 - DATE AND TIME OF LATEST TRANSACTION
control field 20260129102200.0
008 - FIXED-LENGTH DATA ELEMENTS--GENERAL INFORMATION
fixed length control field 120531t xxu||||| |||| 00| 0 eng d
020 ## - INTERNATIONAL STANDARD BOOK NUMBER
International Standard Book Number 0674079256 (cased)
022 ## - INTERNATIONAL STANDARD SERIAL NUMBER
International Standard Serial Number 0674079264 (pbk)
040 ## - CATALOGING SOURCE
Transcribing agency 0
082 04 - DEWEY DECIMAL CLASSIFICATION NUMBER
Classification number 720.92
100 ## - MAIN ENTRY--PERSONAL NAME
Personal name Blunt, Anthony
9 (RLIN) 33934
245 10 - TITLE STATEMENT
Title Borromini /
Statement of responsibility, etc. Anthony Blunt.
260 ## - PUBLICATION, DISTRIBUTION, ETC.
Place of publication, distribution, etc. London :
Name of publisher, distributor, etc. Belknap Press of Harvard University Press,
Date of publication, distribution, etc. 1979.
300 ## - PHYSICAL DESCRIPTION
Extent 240p. :
Other physical details ill., plans, 1 port. ;
Dimensions 24cm.
500 ## - GENERAL NOTE
General note Includes index.
600 10 - SUBJECT ADDED ENTRY--PERSONAL NAME
Personal name Borromini, Francesco,
Dates associated with a name 1599-1667.
9 (RLIN) 33935
650 10 - SUBJECT ADDED ENTRY--TOPICAL TERM
Topical term or geographic name entry element Architects
Geographic subdivision Italy
General subdivision Biography.
9 (RLIN) 33936
650 10 - SUBJECT ADDED ENTRY--TOPICAL TERM
Topical term or geographic name entry element Architecture, Baroque
Geographic subdivision Italy.
9 (RLIN) 33937
942 ## - ADDED ENTRY ELEMENTS (KOHA)
Institution code [OBSOLETE] SADA
Koha item type Book
Call number prefix 720.92 BLU 1979
Source of classification or shelving scheme
Holdings
Withdrawn status Lost status Source of classification or shelving scheme Damaged status Not for loan Permanent Location Current Location Date acquired Full call number Barcode Date last seen Cost, replacement price Price effective from Koha item type
          School of Art Design and Architecture (SADA) School of Art Design and Architecture (SADA) 04/18/2011 720.92 BLU 1979 SADA0000930 08/05/2011 1891.00 08/05/2011 Book
© 2023 Central Library, National University of Sciences and Technology. All Rights Reserved.